| 000 | 00530nam a22001577a 4500 | ||
|---|---|---|---|
| 005 | 20140310183635.0 | ||
| 008 | 131126b xxu||||| |||| 00| 0 eng d | ||
| 050 |
_aKPM 2784.31997 _b.N277 2005 |
||
| 100 | _aCasasola, Eufrocina M. Sacdalan | ||
| 245 |
_aNational Internal Revenue Code : _bTax Reform Act of 1997 Republic Act 8424 Revenue regulations/ _cCasasola, Eufrocina M. Sacdalan |
||
| 260 |
_aManila : _b Rex Book Store, _c2005. |
||
| 300 |
_a707 p. : _c22 cm. |
||
| 521 | _aBSA | ||
| 546 | _aC12561 | ||
| 942 |
_2lcc _cBK _kLOC |
||
| 999 |
_c25689 _d25689 |
||